00556nam a2200193Ia 4500003000400000005001700004008004100021020002200062040000700084041000800091082001500099100001700114245012400131260004500255300001400300365001300314650001400327650002100341OSt20230516112251.0210423s2012 xx 000 0 und d a978-0-19-808538-6 cAL aeng a337.1 BRIC aBRICS REPORT aBrics reportbstudy of Brazil Russia India China and South Africa with special focus on synergies and complementarities aNew DelhibOxford University Pressc2012 ax,180bHB b525cINR aEducation aHigher Education